ÉTUDE DE LA MAISON NÉOLITHIQUE

Bibliographic Details
Main Author: Soudský, Bohumil (Author)
Format: Article
Language:French

MARC

LEADER 00000nab a2200000 a 4500
001 vtls011130011
003 SK-MaSNL
005 20260303151141.0
008 230222|1969 xo |||||||||||||||||fre|
015 |a SNBRB 
035 |a (uuid)5aca09ac-6a53-41d9-9da0-71b4cbea3262 
035 |a (urnnbn)urn:nbn:sk:snk:ar-a09jka 
035 |a urn:nbn:sk:snk-aba7nz 
040 |a SNKBUCL  |b slo  |c SNKBUCL  |e AACR2 
041 0 |a fre 
044 |a xo  |c SK 
100 1 |a Soudský, Bohumil  |4 aut  |9 1170333 
245 1 0 |a ÉTUDE DE LA MAISON NÉOLITHIQUE  |c Bohumil Soudský 
773 0 |t Slovenská archeológia  |g Roč. 17, č. 1 (1969), s. [5]-96 
958 |a OND 
958 |a EUIPO 
958 |a article13 
999 |c 2016369  |d 2018299